Statistics for Země podle písmene - K

Click here to take the quiz!

General Stats

  • This quiz has been taken 110 times
  • The average score is 10 of 17

Answer Stats

Stát% Correct
Kazachstán
86%
Kolumbie
83%
Kanada
79%
Konžská republika
74%
Keňa
67%
Kambodža
64%
Kuvajt
64%
Kyrgyzstán
62%
Kuba
60%
Kostarika
55%
Kosovo
48%
Kypr
48%
Kapverdy
45%
Katar
45%
Kiribati
43%
Kamerun
40%
Komory
38%

Score Distribution

Percentile by Number Answered

Percent of People with Each Score

Your Score History

You have not taken this quiz